LEADER 00963nam0-22003611i-450- 001 990001484560403321 005 20091029154447.0 010 $a0-13-685512-1 035 $a000148456 035 $aFED01000148456 035 $a(Aleph)000148456FED01 035 $a000148456 100 $a20010627d2000----km-y0itay50------ba 101 0 $aeng 102 $aUS 105 $aa---a---001yy 200 1 $aQuantum chemistry$fIra N. Levine 205 $a5th ed. 210 $aUpper Saddle River (N.J.)$cPrentice-Hall$dc2000 215 $ax, 739 p.$cill.$d24 cm 305 $a1st ed. 1991 610 0 $aChimica quantistica 676 $a541.28$v21 700 1$aLevine,$bIra N.$027022 801 0$aIT$bUNINA$gRICA$2UNIMARC 901 $aBK 912 $a990001484560403321 952 $a541.28-LEV-1$b990$fSC1 952 $a541.28-LEV-1A$b991$fSC1 952 $a541.28-LEV-1B$b992$fSC1 959 $aSC1 996 $aQuantum chemistry$973625 997 $aUNINA LEADER 00780nam0-2200277 --450 001 9910745190503321 005 20231024120856.0 010 $a978-88-98582-29-7 100 $a20231024d2017----kmuy0itay5050 ba 101 0 $aita 102 $aIT 105 $a 001yy 200 1 $aC'é chi dice di no$ecittadini comuni che hanno rifiutato la violenza del potere$fAmedeo Cottino 205 $a2. ed. 210 $a[S.l.]$cZambon$d2017 215 $a191 p.$cill.$d21 cm 676 $a345.02$v23$zita 700 1$aCottino,$bAmedeo$0140403 702 1$aRevelli,$bMarco 801 0$aIT$bUNINA$gREICAT$2UNIMARC 901 $aBK 912 $a9910745190503321 952 $aXII F 835$b2020/1150$fFGBC 959 $aFGBC 996 $aC'é chi dice di no$93571843 997 $aUNINA